000 00710nam a2200253Ia 4500
003 OSt
005 20220928114600.0
006 a|||||r|||| 00| 0
007 ta
008 220927b |||||||| |||| 00| 0 eng d
020 _c550
024 _a110169
037 _b5513, 15/12/2010, Bookwell Publications
_cTextual
040 _aSDCL
_cSDCL
_beng
041 _2eng
_aeng
082 _aT4.2'P, Q0
100 _aBeteille Andre
245 0 _aUniversities at the crossroads.
260 _c2010
300 _ax,205p.
_ccm.
650 _aInstitute of Life Long Learning
942 _hT4.2'P, Q0
_cTEXL
_2CC
999 _c755649
_d755649